<?xml version="1.0" encoding="UTF-8"?>
<record
    xmlns:xsi="http://www.w3.org/2001/XMLSchema-instance"
    xsi:schemaLocation="http://www.loc.gov/MARC21/slim http://www.loc.gov/standards/marcxml/schema/MARC21slim.xsd"
    xmlns="http://www.loc.gov/MARC21/slim">

  <leader>04103nam a2200445 a 4500</leader>
  <controlfield tag="001">dia_862</controlfield>
  <controlfield tag="003">CHAP</controlfield>
  <controlfield tag="005">20260203180922.0</controlfield>
  <controlfield tag="007">ta</controlfield>
  <controlfield tag="008">220117s1976    mx d   frm    001 0 spa d</controlfield>
  <datafield tag="010" ind1=" " ind2=" ">
    <subfield code="a">171411</subfield>
  </datafield>
  <datafield tag="040" ind1=" " ind2=" ">
    <subfield code="c">CHAP</subfield>
    <subfield code="a">mxchpua</subfield>
    <subfield code="e">rda</subfield>
  </datafield>
  <datafield tag="041" ind1="0" ind2=" ">
    <subfield code="a">spa</subfield>
    <subfield code="b">spa</subfield>
  </datafield>
  <datafield tag="090" ind1=" " ind2=" ">
    <subfield code="a">Tesis </subfield>
    <subfield code="b">V37 </subfield>
    <subfield code="c">1976</subfield>
  </datafield>
  <datafield tag="100" ind1="1" ind2=" ">
    <subfield code="a">Varela L&#xF3;pez, Francisco Javier</subfield>
  </datafield>
  <datafield tag="245" ind1="1" ind2="3">
    <subfield code="a">Estudio para el establecimiento de una planta productora de piloncillo /</subfield>
    <subfield code="c">Jos&#xE9; R. Castresana Hern&#xE1;ndez, Juan E. Hern&#xE1;ndez Silva, Jorge Paredes Blancas, Raymundo Rubio Villegas, J. Rafael Torres Olgu&#xED;n y Francisco Javier Varela L&#xF3;pez</subfield>
  </datafield>
  <datafield tag="264" ind1=" " ind2=" ">
    <subfield code="a">M&#xE9;xico :</subfield>
    <subfield code="b">El autor,</subfield>
    <subfield code="c">1976</subfield>
  </datafield>
  <datafield tag="300" ind1=" " ind2=" ">
    <subfield code="a">185 hojas :</subfield>
    <subfield code="b">gr&#xE1;ficas, diagramas</subfield>
  </datafield>
  <datafield tag="336" ind1=" " ind2=" ">
    <subfield code="2">rdacontent</subfield>
    <subfield code="a">texto</subfield>
    <subfield code="b">txt</subfield>
  </datafield>
  <datafield tag="337" ind1=" " ind2=" ">
    <subfield code="2">rdamedia</subfield>
    <subfield code="a">no mediado</subfield>
    <subfield code="b">n</subfield>
  </datafield>
  <datafield tag="338" ind1=" " ind2=" ">
    <subfield code="2">rdacarrier</subfield>
    <subfield code="a">volumen</subfield>
    <subfield code="b">nc</subfield>
  </datafield>
  <datafield tag="502" ind1=" " ind2=" ">
    <subfield code="a">Tesis </subfield>
    <subfield code="b">(Licenciado en Administraci&#xF3;n) --</subfield>
    <subfield code="c">UNAM. Facultad de Contadur&#xED;a y Administraci&#xF3;n, </subfield>
    <subfield code="d">1976</subfield>
  </datafield>
  <datafield tag="504" ind1=" " ind2=" ">
    <subfield code="a">Bibliograf&#xED;a: hojas 183-185</subfield>
  </datafield>
  <datafield tag="520" ind1=" " ind2=" ">
    <subfield code="a">El desarrollo econ&#xF3;mico es hoy d&#xED;a uno de los problemas m&#xE1;s complejos y urgentes que presenta nuestro pa&#xED;s, la constante emigraci&#xF3;n del medio rural hacia las ciudades industriales y comerciales, as&#xED; como, el elevado incremento demogr&#xE1;fico, el cual es del 3.5 % (l) anual, son fen&#xF3;menos que plantean la urgente necesidad de descentralizar la poblaci&#xF3;n y de producir cada vez mayor cantidad de bienes y servicios que permitan satisfacer la creciente demanda de la poblaci&#xF3;n. Para lo cual es necesario que se establezcan pol&#xED;ticas que tiendan a descentralizar tanto la industria como la educaci&#xF3;n, as&#xED; como tambi&#xE9;n, a racionalizar los recursos disponibles, a trav&#xE9;s de las t&#xE9;cnicas de la coordinaci&#xF3;n, con el objeto de mejorar el nivel de vida econ&#xF3;mico y social de los habitantes, mediante el incremento en la producci&#xF3;n y el reparto equitativo del ingreso. 

La poblaci&#xF3;n urbana crece a raz&#xF3;n del 5.4 % (2)anual, como consecuencia de la emigraci&#xF3;n del campo y la elevada tasa de incremento natural, observ&#xE1;ndose un incremento mayor en aquellas ciudades que se caracterizan principalmente por un elevado desarrollo industrial y comercial, el cual fluct&#xFA;a entre el 7  y 14 &#xB0;/o anual, esta sobrepoblaci&#xF3;n provoca entre otros, el problema de marginalidad urbana y los cinturones de miseria, origin&#xE1;ndose dichos fen&#xF3;menos por la insuficiencia que presenta la econom&#xED;a urbana para observar el movimiento rural urbano.

La poblaci&#xF3;n rural emigra hacia las grandes ciudades en busca de medios que le proporcionen un mejor nivel de vida, sum&#xE1;ndose por lo tanto, a la poblaci&#xF3;n ya existente que est&#xE1; en edad de trabajar pero que carece de calificaci&#xF3;n t&#xE9;cnica, aumentando as&#xED; el subempleo, adem&#xE1;s de contribuir a que los salarios se mantengan bajos debido al exceso de mano de obra. Por lo que es importante, atender con prioridad los problemas que originan la emigraci&#xF3;n, proporcionando los medios que permitan ayudar a arraigar al campesino a su tierra natal, mediante el mejoramiento de su nivel de vida econ&#xF3;mico y social. 

El grupo que elabora el presente estudio, tiene como meta determinar la factibilidad de realizar un proyecto para la industrializaci&#xF3;n de productos agr&#xED;colas en una comunidad campesina del Estado de Michoac&#xE1;n. </subfield>
  </datafield>
  <datafield tag="650" ind1="1" ind2="3">
    <subfield code="a">Panela</subfield>
    <subfield code="2">atg</subfield>
  </datafield>
  <datafield tag="650" ind1="1" ind2="3">
    <subfield code="a">Industria azucarera</subfield>
    <subfield code="x">Iniciativa empresarial</subfield>
    <subfield code="z">M&#xE9;xico</subfield>
    <subfield code="z">Michoac&#xE1;n</subfield>
    <subfield code="2">atg</subfield>
  </datafield>
  <datafield tag="650" ind1="1" ind2="3">
    <subfield code="a">Jaggery  </subfield>
    <subfield code="2">atg</subfield>
  </datafield>
  <datafield tag="650" ind1="1" ind2="3">
    <subfield code="a">Sugar industry</subfield>
    <subfield code="z">Mexico</subfield>
    <subfield code="z">Michoac&#xE1;n</subfield>
    <subfield code="x">Entrepreneurship</subfield>
    <subfield code="2">atg</subfield>
  </datafield>
  <datafield tag="700" ind1="1" ind2=" ">
    <subfield code="a">Castresana Hern&#xE1;ndez, Jos&#xE9; R.</subfield>
    <subfield code="e">autor</subfield>
  </datafield>
  <datafield tag="700" ind1="1" ind2=" ">
    <subfield code="a">Hern&#xE1;ndez Silva, Juan E.</subfield>
    <subfield code="e">autor</subfield>
  </datafield>
  <datafield tag="700" ind1="1" ind2=" ">
    <subfield code="a">Paredes Blancas, Jorge</subfield>
    <subfield code="e">autor</subfield>
  </datafield>
  <datafield tag="700" ind1="1" ind2=" ">
    <subfield code="a">Rubio Villegas, Raymundo</subfield>
    <subfield code="e">autor</subfield>
  </datafield>
  <datafield tag="700" ind1="1" ind2=" ">
    <subfield code="a">Torres Olgu&#xED;n, J. Rafael</subfield>
    <subfield code="e">autor</subfield>
  </datafield>
  <datafield tag="700" ind1="1" ind2=" ">
    <subfield code="a">Rodr&#xED;guez Morales, Marco Antonio</subfield>
    <subfield code="e">director</subfield>
  </datafield>
  <datafield tag="856" ind1="4" ind2="2">
    <subfield code="u">https://tesiunamdocumentos.dgb.unam.mx/pmig2020/0176987/Index.html</subfield>
    <subfield code="y">DISPONIBLE EN TESIUNAM</subfield>
  </datafield>
  <datafield tag="901" ind1=" " ind2=" ">
    <subfield code="a">TESIS V37 1976</subfield>
  </datafield>
  <datafield tag="902" ind1=" " ind2=" ">
    <subfield code="a">M</subfield>
  </datafield>
  <datafield tag="905" ind1=" " ind2=" ">
    <subfield code="a">0000001976                          mx     0000000000spa00</subfield>
  </datafield>
  <datafield tag="942" ind1=" " ind2=" ">
    <subfield code="c">TESIS</subfield>
    <subfield code="2">Clasificaci&#xF3;n Universidad Aut&#xF3;noma Chapingo</subfield>
  </datafield>
  <datafield tag="999" ind1=" " ind2=" ">
    <subfield code="c">171411</subfield>
    <subfield code="d">171411</subfield>
  </datafield>
  <datafield tag="952" ind1=" " ind2=" ">
    <subfield code="0">0</subfield>
    <subfield code="1">0</subfield>
    <subfield code="2">local</subfield>
    <subfield code="4">0</subfield>
    <subfield code="5">1</subfield>
    <subfield code="7">0</subfield>
    <subfield code="8">TESIS</subfield>
    <subfield code="a">IA_</subfield>
    <subfield code="b">IA_</subfield>
    <subfield code="e">El autor</subfield>
    <subfield code="l">0</subfield>
    <subfield code="o">Tesis V37 1976</subfield>
    <subfield code="p">1101016341</subfield>
    <subfield code="r">2026-02-02 00:00:00</subfield>
    <subfield code="t">Ej. 1</subfield>
    <subfield code="y">TESIS</subfield>
  </datafield>
  <datafield tag="952" ind1=" " ind2=" ">
    <subfield code="0">0</subfield>
    <subfield code="1">0</subfield>
    <subfield code="2">local</subfield>
    <subfield code="4">0</subfield>
    <subfield code="5">5</subfield>
    <subfield code="7">0</subfield>
    <subfield code="8">TESIS</subfield>
    <subfield code="a">IA_</subfield>
    <subfield code="b">IA_</subfield>
    <subfield code="d">2026-02-03</subfield>
    <subfield code="e">El autor</subfield>
    <subfield code="l">0</subfield>
    <subfield code="o">Tesis V37 1976</subfield>
    <subfield code="p">1101016342</subfield>
    <subfield code="r">2026-02-03 18:12:04</subfield>
    <subfield code="t">Ej. 2</subfield>
    <subfield code="w">2026-02-03</subfield>
    <subfield code="y">TESIS</subfield>
  </datafield>
</record>
